000 00778nam a2200205Ii 4500
003 JO-AjNU
008 230605s9999||||xx |||||||||||||| ||und||
040 _aJO-AjNU
_bara
_erda
_cJO-AjNU
041 _aara
050 1 4 _aQ181.A2.R85 1989
100 3 _aلبيب، رشدي,
_eauthor
_936551
245 0 0 _aمعلم العلوم مسئولياته-اساليب عمله-اعداده-نموه العلمي والمهني
250 _aط3
264 3 1 _aالقاهرة :مكتبة الانجلو المصرية، 1989
300 _a292ص
336 _atext
_btxt
_2rdacontent
337 _aunmediated
_bn
_2rdamedia
338 _avolume
_bnc
_2rdacarrier
650 4 _aالعلوم - دراسة وتعليم -المدرسون - تقدير - المدرسون -تدريب
_936552
999 _aA15196
_c18764
_d18764